| 000 | 00955cam a2200313 i 4500 | ||
|---|---|---|---|
| 001 | 8498 | ||
| 003 | FISKH | ||
| 005 | 20250916091108.0 | ||
| 008 | 770907s1978 nyua j 000 1 eng | ||
| 010 | _a 77013027 | ||
| 020 | _a0399206140 : | ||
| 020 | _a9780399206146 | ||
| 040 |
_aDLC _cDLC _dDLC _beng |
||
| 050 | _aPZ7.J6478 F | ||
| 082 | _a 576 | ||
| 100 | 1 |
_aJohnston, Tony, _d1942- |
|
| 245 | 1 | 0 |
_aFour scary stories / _cby Tony Johnston ; pictures by Tomie de Paola. |
| 260 |
_aNew York : _bPutnam, _c1978. |
||
| 300 |
_a30 unnumbered pages : _b color illustrations ; _c26 cm |
||
| 505 | _aK | ||
| 520 | _aAn imp, a goblin, a scalawag, and a boy tell each other scary stories. | ||
| 521 | 8 |
_a510
_bLexile estimate |
|
| 521 | 8 |
_aK
_bRaz-Plus |
|
| 650 | 1 |
_aFairies _xFiction. |
|
| 700 | 1 |
_aDePaola, Tomie, _d1934-2020. _eillustrator |
|
| 906 |
_a7 _bcbc _corignew _d1 _eocip _f19 _gy-gencatlg |
||
| 942 |
_2ddc _cBK _n0 |
||
| 999 |
_c8498 _d8498 |
||